| Поле | Инд. | ПП | Название | Значение |
|---|---|---|---|---|
| Тип записи | a | |||
| Библиографический уровень | m | |||
| 001 | Контрольный номер | 25b096c0f32e44fd9c29fbb147b9e39b | ||
| 005 | Дата корректировки | 20190916124724.6 | ||
| 008 | Кодируемые данные | 180912|||||||||ru |||||||||||||||||rus|| | ||
| 020 | a | ISBN | 978-5-86185-960-8 | |
| 041 | 0_ | a | Код языка текста | rus |
| 084 | a | Индекс другой классификации/Индекс ББК | 81.2Англ-923+39.478.24 | |
| 090 | a | Полочн. индекс | 81.2Англ-9 | |
| x | Авторский знак | Д 93 | ||
| 100 | 1_ | a | Автор | Дьяченко И. И. |
| 245 | 10 | a | Заглавие | Английский язык для судовых радиоинженеров |
| b | Продолж. заглавия | учеб. пособие по дисциплинам "Профессиональный английский язык" и "Деловой иностранный язык"для курсантов третьего и четвертого курсов специальности 25.05.03 "Техническая эксплуатация транспортного радиооборудования" | ||
| c | Ответственность | М-во образования и науки Рос. Федерации, ФГБОУ ВО "Мурман. гос. техн. ун-т" | ||
| 246 | 01 | a | Другая форма заглавия | English for Marine Radio Engineers |
| 260 | a | Место издания | Мурманск | |
| b | Издательство | Изд-во МГТУ | ||
| c | Дата издания | 2018 | ||
| 300 | a | Объем | 175 с. | |
| 500 | a | Примечание | Имеется электрон. аналог 2018 г. | |
| 504 | a | Библиография | Библиогр.: с. 175 | |
| 583 | x | Служебное примечание | Иностр. яз. ВПО | |
| x | Служебное примечание | Техническая эксплуатация транспортного радиооборудования. ВПО | ||
| x | Служебное примечание | Труды преподавателей МГТУ | ||
| z | Открытое примечание | 11.00.00 | ||
| z | Открытое примечание | 26.00.00 | ||
| 650 | 04 | a | Основная рубрика | Английский язык для моряков-Учебные издания для высших учебных заведений |
| 650 | 04 | a | Основная рубрика | Радиосвязь на морском транспорте-Учебные издания для высших учебных заведений |
| 653 | 0_ | a | Ключевые слова | Английский язык для морских специальностей; Английский язык для радиоинженеров; Радиосвязь судовая |
| 710 | 12 | a | Организация/ юрисдикция | Мурманский государственный технический университет |
| 900 | a | Имя макрообъекта | Дьяченко английский 001 | |
| 901 | t | Тип документа | m | |
| 952 | b | Гриф литературы для ВШ | Допущено Ученым советом МГТУ | |
| c | Вид литературы | учебное пособие |